000 00329nam a2200133Ia 4500
005 20260328104329.0
008 260328s9999||||xx |||||||||||||| ||und||
100 _aCahill, Kate
245 0 _aWorking In Mumbai, Raul Mehrotra /
_cKate Cahill
260 _bArchi Tangle
300 _a338 p.
650 _aARQUITECTOS
942 _cBK
999 _c11650
_d11650